000
00224nam a22000857a 4500
008
160804b xxu||||| |||| 00| 0 eng d
100
_9
10
_a
Lessen D
245
_a
Scholastic Dinosaurus A to Z
260
_a
New Delhi
_b
Scholastic
_c
2003
999
_c
2660
_d
2660